Psychology applied to teaching

Αποθηκεύτηκε σε:
Λεπτομέρειες βιβλιογραφικής εγγραφής
Κύριος συγγραφέας: Biehler, Robert F. (Robert Frederick) 1927-
Άλλοι συγγραφείς: Snowman, Jack
Μορφή: Βιβλίο
Γλώσσα:English
Δημοσίευση: Boston : Houghton Mifflin, 1986
Έκδοση:5th ed.
Θέματα:
Ετικέτες: Προσθήκη ετικέτας
Δεν υπάρχουν, Καταχωρήστε ετικέτα πρώτοι!

MARC

LEADER 00000nam a2200000 i 4500
001 1/20012
008 960709s1986 eng d
020 |a 0-395-35756-X 
035 |a 1987  |c Αγορά  |l 10035927 
040 |a GR-MY-UA  |b gre  |e aacr 
041 0 |a eng 
082 0 |a 370.15 
100 1 |a Biehler, Robert F.  |q (Robert Frederick)  |d 1927- 
245 1 0 |a Psychology applied to teaching /  |c Robert F. Biehler, Jack Snowman 
250 |a 5th ed. 
260 |a Boston :   |b Houghton Mifflin,   |c 1986 
300 |a 718 p. 
650 0 0 |a Educational psychology. 
650 0 0 |a Learning, Psychology of. 
650 0 0 |a Teaching. 
700 1 |a Snowman, Jack. 
852 |a INST  |b RHODES  |e 19960709  |h 370.15 BIE  |p 005400004260  |q 005400004260  |t BK  |y 0 
909 |a Ρ  |b 007559  |c 1987